000
00288nam a2200121Ia 4500
005
20251222152643.0
008
251222s9999||||xx |||||||||||||| ||spa||
082
_a
374.012.4/P28
100
_a
PatiƱo Castro, Amparo
245
0
_a
Horizonte del Saber I
250
_a
1ra.ed.
942
_c
LIB
999
_c
28173
_d
28173